Slovenská hymna - náhlá smrt - Statistics

General Stats
  • This quiz has been taken 49 times
  • The average score is 15 of 30
Answers on the Grid
Answers color-coded by a green-red scale on the quiz's grid according to % correct below.
nad
Tatrou
sa
blýska
hromy
divo
bijú
zastavme
ich
bratia
veď
ony
stratia
Slováci
ožijú
to
Slovensko
naše
posiaľ
tvrdo
spalo
ale
blesky
hromu
vzbudzujú
ho
k
tomu
aby
prebralo
nás
sestry
dobre
im
ak
letia
mali
sme
ľud
vstáva
 
Answer Stats
Answer % Correct
blýska
84%
bratia
84%
hromy
84%
nad
82%
sa
82%
Tatrou
82%
bijú
74%
Slováci
71%
divo
68%
ožijú
68%
zastavme
66%
veď
58%
ich
53%
stratia
53%
Slovensko
47%
ony
45%
blesky
34%
hromu
34%
posiaľ
34%
spalo
34%
naše
32%
tvrdo
32%
vzbudzujú
32%
ale
26%
to
26%
aby
21%
ho
21%
k
21%
tomu
21%
prebralo
18%
No matching quizzes found
Score Distribution
Percent of People with Each Score
Percentile by Number Answered
Your Score History
You have not taken this quiz